Most Appearances in the Champions League From Eastern Europe - Statistics

General Stats
  • This quiz has been taken 90 times
  • The average score is 17 of 25
Answer Stats
# Apps. Main Team(s) Country Years Pos. Answer % Correct
1 119 Real Madrid, Tottenham Hotspur Croatia 2010-'11, 2012- MF Luka Modrić
99%
2 114 Bayern Munich, Borussia Dortmund Poland 2011- FW Robert Lewandowski
99%
4 100 AC Milan, Dynamo Kiev Ukraine 1994-'95, 1997-'01, 2002-'08, 2009-'10 FW Andriy Shevchenko
98%
3 111 Chelsea, Sparta Prague Czech Republic 2001-'02, 2004-'16 GK Petr Čech
98%
5 95 Barcelona, Sevilla Croatia 2007-'08, 2010-'11, 2014- MF Ivan Rakitić
95%
13 75 AS Roma, Manchester City Bosnia and Herzegovina 2009-'10, 2011-'16, 2017-'19, 2021-'23 FW Edin Džeko
93%
11 78 Atletico Madrid Slovenia 2014- GK Jan Oblak
93%
23 60 Bayer Leverkusen, Manchester United Bulgaria 2001-'03, 2004-'05, 2008-'12, 2014-'15 FW Dimitar Berbatov
88%
10 79 Juventus, Lazio Czech Republic 1993-'94, 1999-'06, 2008-'09 AM Pavel Nedvěd
86%
23 60 Juventus, Bayern Munich Croatia 2012-2019 FW Mario Mandžukić
84%
18 67 Chelsea, Real Madrid Croatia 2011-'13, 2015-'18, 2019- MF Mateo Kovačić
81%
8 83 Juventus, Olympique Lyon Bosnia and Herzegovina 2008-'11, 2014-'22 MF Miralem Pjanić
80%
16 70 Arsenal, Sparta Prague Czech Republic 1999-'03, 2006-'08, 2009-'15 AM Tomáš Rosický
80%
19 64 Chelsea, Zenit St. Petersburg Serbia 2008-'16, 2019-'20 DF Branislav Ivanović
79%
17 68 Juventus, Arsenal Poland 2010-'16, 2017-'23 GK Wojciech Szczęsny
73%
20 63 Shakhtar Donetsk Croatia 2004-'05, 2006-'09, 2010-'16, 2017-'18 RB/RM Darijo Srna
67%
7 87 Inter Milan, Lazio Serbia 1999-'02, 2003-'12 CM Dejan Stanković
64%
23 60 CSKA Moscow Russia 2004-'05, 2006-'08, 2009-'10, 2013-'19 GK Igor Akinfeev
59%
6 88 Bayern Munich, Juventus Bosnia and Herzegovina 1998-'07, 2008-'09 MF Hasan Salihamidžić
54%
15 72 Shakhtar Donetsk Ukraine 2007-'09, 2010-'11, 2012-'16, 2017-'22 GK Andriy Pyatov
40%
14 73 Shakhtar Donetsk, Zenit St. Peterusburg Ukraine 2010-'16, 2017-'22, 2023- DF Yaroslav Rakitskiy
21%
12 77 Dynamo Kiev Ukraine 1994-'95, 1997-'01, 2003-'05, 2006-'08, 2009-'10, 2012-'13, 2015-'17 GK Oleksandr Shovkovskiy
19%
9 81 CSKA Moscow, Lokomotiv Moscow Russia 2001-'05, 2006-'08, 2009-'10, 2011-'12, 2013-'18 CB Sergey Ignashevich
17%
21 62 Shakhtar Donetsk, Sparta Prague Czech Republic 2001-'02, 2003-'05, 2006-'09, 2010-'14 DM/CB Tomáš Hübschman
9%
21 62 Olympiakos Serbia 1997-2008 MF Predrag Đorđević
5%
No matching quizzes found
Score Distribution
Percent of People with Each Score
Percentile by Number Answered
Your Score History
You have not taken this quiz